Il petrarchismo

Saved in:
Bibliografiske detaljer
Hovedforfatter: Spagnoletti, Giacinto (Author)
Format: Bog
Sprog:italiensk
Udgivet: Milán Garzanti 1959
Serier:Antologie del Saper Tutto
Fag:
Tags: Tilføj Tag
Ingen Tags, Vær først til at tagge denne postø!

MARC

LEADER 00000nam a2200000 a 4500
001 UCY7190
003 CL-VaPUC
008 950609e19590000IT |||||||||||||||||ita|d
082 0 4 |a 851.09  |b SPA  |2 21 
100 0 |a Spagnoletti, Giacinto  |e author  |9 337464 
245 1 3 |a Il petrarchismo 
300 |a 169 p 
942 |c BK 
945 |d 19950609 00:00:00  |a rbrito 
260 |a Milán  |b Garzanti  |c 1959 
600 0 7 |a PETRARCA, FRANCESCO  |2 CL-VaPUC  |9 337465 
650 7 |a POESIA ITALIANA  |2 CL-VaPUC  |9 336930 
650 0 |a Crítica literaria   |9 269189 
583 |a last modification  |c 19950609 00:00:00  |k Rodrigo Vera 
490 0 |a Antologie del Saper Tutto 
999 |c 234619  |d 234617 
952 |0 0  |1 0  |4 0  |6 851_090000000000000_SPA_1959  |7 0  |8 A  |9 241170  |a BIBART  |b BIBART  |d 2019-11-18  |i 2006421  |o 851.09 SPA 1959  |p 2006421  |r 2025-03-13  |w 2019-11-18  |y BK  |k ART 
952 |0 0  |1 0  |4 0  |6 851_090000000000000_SPA_1959  |7 0  |8 P  |9 241171  |a BIBARQ  |b BIBARQ  |d 2019-11-18  |i 403872K  |o 851.09 SPA 1959  |p 403872K  |r 2025-01-20  |w 2019-11-18  |y BK  |k ARQ